00506nam a2200145Ia 4500008004100000100002200041245008700063245006100150260003900211260000900250300000900259650001800268650001500286856005900301170221s9999 xx 000 0 und d aNorman C. H. Wong aReactance and Public Health Messages: The Unintended Dangers of Anti-tobacco PSAs  cNorman C. H. Wong, Kylie J. Harrison, Lindsey A. Harvell bStudies in Media and Communication c2012 a10 : xCommunication xMedia Arts uhttp://redfame.com/journal/index.php/smc/issue/view/43